| 000 | 00527nam a2200217Ia 4500 | ||
|---|---|---|---|
| 003 | 0100 | ||
| 008 | 130307s9999 xx 000 0 und d | ||
| 040 | _cARRUPELIB | ||
| 050 | _aBC135.H28 | ||
| 100 | _aHalberstadt, William H | ||
| 245 | 3 | _aAn introduction to modern logic | |
| 245 | _ban elementary textbook of symbolic logic | ||
| 260 | _aNew York | ||
| 260 | _bHarper and brothers | ||
| 260 | _c1960 | ||
| 300 | _a221p. | ||
| 300 | _b20cm | ||
| 650 | _aLOGIC | ||
| 650 | _bWomen mystics--Biography | ||
| 942 | 0 | 0 | _01 |
| 999 |
_c94349 _d94349 |
||